00433nam a2200133Ia 4500008004100000024004800041082001900089100005700108245003200165260002600197600002100223650003800244999001700282260210s9999 xx 000 0 und d a10B-027-BS, 10B-048-BS & 09B-003-BS a005.391072 HAM aHammad Khalid, Abdul Hafeez & Syed Muneed Farhat 0aHuman Performance Scorecard aKarachi:bUITU,c2010 aComputer Science aBachelor of Computer Science (BS) c32382d32382